| 000 | 01537nam1a2200337 i 4500 | ||
|---|---|---|---|
| 001 | RU\NLR\bibl\887553 | ||
| 005 | 20260406030230.0 | ||
| 010 |
_a5-09-014247-5 _95000 |
||
| 035 | _a(NLR Aleph) 000876080 | ||
| 090 |
_a1629568 _c1629568 |
||
| 100 | _a20051213d2005 c y0rusy50 ca | ||
| 101 | 0 | _arus | |
| 102 | _aRU | ||
| 105 | _a||||z ||||| | ||
| 200 | 1 |
_aОсновы безопасности жизнедеятельности _eрабочая тетрадь для 1-2 класса начальной школы _eв 2 ч. _fЛ.П. Анастасова, П.В. Ижевский, Н.В. Иванова |
|
| 210 |
_aМосква _cПросвещение _d2005 |
||
| 215 | _d29 | ||
| 225 | 1 | _aШкола России | |
| 225 | 1 | _aЗеленый дом | |
| 463 | 0 | _1001869188 | |
| 463 | 0 | _1001869184 | |
| 606 | 0 |
_aБезопасность жизнедеятельности _jРабочие тетради для начальной школы _91373082 _3RU\NLR\auth\66261709 |
|
| 686 | _aЦ69,6(2Р)0я721-1 | ||
| 700 | 1 |
_4070 _8rus _7ca _aАнастасова _bЛ.П. _gЛюдмила Павловна _3RU\NLR\auth\77552 _9110600 |
|
| 701 | 1 |
_aИжевский _bП. В. _gПавел Владимирович _4070 |
|
| 701 | 1 |
_4070 _8rus _7ca _aИванова _bН. В. _cавтор учебных изданий для школы _gНадежда Вячеславовна _3RU\NLR\auth\7738022 _921009 |
|
| 801 | 0 |
_aRU _bNLR _c20051213 _grcr |
|
| 801 | 1 |
_aRU _bNLR _c20051213 |
|
| 852 |
_aNLR _j2005-8/3486 |
||
| 942 | _cBOOK | ||